Անցեք բովանդակությանը

Криминалистика Учебно-методические материалы (для очной формы обучения)

Учебно-методические материалы рассмотрены и одобрены на заседании кафедры уголовного процесса и криминалистики ФКОУ ВПО Пермский институт ФСИН России. Протокол № 9 от 26 апреля 2011 года....

Ամբողջական նկարագրություն

Պահպանված է:
Մատենագիտական մանրամասներ
Հիմնական հեղինակ: Сурин В.В
Ձևաչափ: Учебно-методическая литература
Առցանց հասանելիություն:https://znanium.com/catalog/document?id=248716
https://znanium.com/cover/0911/911249.jpg
Ցուցիչներ: Ավելացրեք ցուցիչ
Չկան պիտակներ, Եղեք առաջինը, ով նշում է այս գրառումը!
LEADER 02005nam0a2200277 i 4500
001 RU\infra-m\znanium\bibl\911249
003 https://znanium.com/catalog/document?id=248716
005 20200110000000.0
100 |a 20200110d2017 m y0rusy0150 ca 
101 0 |a rus 
102 |a RU 
200 1 |a Криминалистика  |e Учебно-методические материалы (для очной формы обучения)  |e Учебно-методическая литература  |f Пермский институт Федеральной службы исполнения наказаний 
210 1 |a Пермь  |c ФКОУ ВО Пермский институт ФСИН России  |d 2011 
215 |a 95 с. 
330 |a Учебно-методические материалы рассмотрены и одобрены на заседании кафедры уголовного процесса и криминалистики ФКОУ ВПО Пермский институт ФСИН России. Протокол № 9 от 26 апреля 2011 года. 
333 |a ВО - Бакалавриат 
606 |a Право. Юридические науки  |x Криминалистика. Расследование преступлений  |2 local 
608 |a Учебно-методическая литература  |2 local 
675 |a 343  |z rus 
686 |a 6752  |2 rubbk 
686 |a 40.00.00  |2 okso 
686 |a 40.03.01  |2 okso 
700 1 |a Сурин  |b В.В.  |g Владимир Владимирович  |p Пермский институт Федеральной службы исполнения наказаний 
801 0 |a RU  |b Общество с ограниченной ответственностью «ЗНАНИУМ»  |c 20170530  |2 rusmarc 
856 4 |a znanium.com  |m ebs_support@infra-m.ru  |n НИЦ ИНФРА-М  |u https://znanium.com/catalog/document?id=248716 
856 4 1 |a znanium.com  |d /cover/0911  |f 911249.jpg  |q image/jpeg  |u https://znanium.com/cover/0911/911249.jpg